Vista normal
Vista MARC
Entrada Personal Name
Número de registros utilizados en: 1
001 - CONTROL NUMBER
- control field: 18106
003 - CONTROL NUMBER IDENTIFIER
- control field: DLC
005 - DATE AND TIME OF LATEST TRANSACTION
- control field: 20260515111811.0
008 - FIXED-LENGTH DATA ELEMENTS
- fixed length control field: 050414n| azannaabn |a aaa
010 ## - LIBRARY OF CONGRESS CONTROL NUMBER
- LC control number: n 2005027222
035 ## - SYSTEM CONTROL NUMBER
- System control number: (OCoLC)oca06610800
040 ## - CATALOGING SOURCE
- Original cataloging agency: DLC
- Language of cataloging: spa
- Description conventions: rda
- Transcribing agency: Mx-PuUPA
- Modifying agency: DLC
- Modifying agency: MdRoLAC
- Modifying agency: Mx-PuUPA
046 ## - SPECIAL CODED DATES
- Birth date: 19700405
- Source of date scheme: edtf
053 #0 - LC CLASSIFICATION NUMBER
- Classification number element--single number or beginning number of span: PS3623.A86328
100 1# - HEADING--PERSONAL NAME
- Personal name: Warner, John,
- Dates associated with a name: 1970-
374 ## - OCCUPATION
- Occupation: Autor
375 ## - GENDER
- Gender: hombre
377 ## - ASSOCIATED LANGUAGE
- Language code: eng
400 1# - SEE FROM TRACING--PERSONAL NAME
- Personal name: Warner, John D.,
- Dates associated with a name: 1970-
670 ## - SOURCE DATA FOUND
- Source citation: Warner, John. Fondling your muse: a book of infallible advice from a published author to a writerly aspirant, 2005:
- Information found: ECIP t.p. (John Warner) data view (Warner, John D.; b. 04-05-1970; editor of McSweeney's Internet tendency; co-author of My first presidentiary, 2001)